00490nam a2200145 a 4500020002700000020003000027082001400057100002500071245002500096260005500121300001000176520005500186650003300241856007000274 a8176490016 (paperback) a9788176490016 (paperback) a541.3 MCQ1 aMcQuarrie, Donald A.10aPhysical chemistry : aNew Delhi:bVinod Vasishtha for Viva Books,c2005. a1270p aNew, never used. Will ship promptly with tracking. aChemistry,physical chemistry40uhttp://www.amazon.com/exec/obidos/ASIN/8176490016/chopaconline-20